[Event "25e tournoi 1hKO"]
[Site "Montigny le Bretonneux"]
[Date "2023.05.20"]
[Round "5.12"]
[White "Couradin, Bruno"]
[Black "Witkowski, Gwendal"]
[Result "0-1"]
[WhiteElo "1343"]
[BlackElo "1470"]
[Annotator "Rivier,Sylvain"]
[PlyCount "82"]
[EventDate "2023.??.??"]

{Gambit dame acceptÃ©} 1. d4 Nf6 2. c4 e6 3. Nf3 d5 4. e3 a6 5. Nc3 dxc4 6.
Bxc4 b5 7. Bd3 Nbd7 8. a3 Bb7 9. O-O Be7 10. Qc2 O-O 11. Ne5 c5 12. Nxd7 Qxd7
13. dxc5 Bxc5 14. Ne4 Bxe4 15. Bxe4 Rac8 16. Qd3 Qc7 17. Bf3 Rfd8 18. Qe2 Bd6
19. g3 Nd7 20. Bd2 Ne5 21. Bg2 Qc2 22. Rab1 Nc4 23. Rfd1 Be7 24. Qe1 Rxd2 25.
Rxd2 Qxd2 26. b3 Qxe1+ 27. Rxe1 Nxa3 28. Bb7 Rc3 29. Bxa6 Rxb3 30. Bb7 Rb1 31.
Rxb1 Nxb1 32. Be4 Nd2 33. Bd3 b4 34. f4 b3 35. Kf2 b2 36. Ke2 b1=Q 37. Kxd2
Bb4+ 38. Ke2 Qe1+ 39. Kf3 f5 40. Bc4 Kf8 41. Bxe6 Qf1# 0-1

[Event "25e tournoi 1hKO"]
[Site "Montigny le Bretonneux"]
[Date "2023.05.20"]
[Round "5.13"]
[White "Privat, Jean-Claude"]
[Black "Nosperger, Mael"]
[Result "1/2-1/2"]
[WhiteElo "1465"]
[BlackElo "1334"]
[Annotator "Rivier,Sylvain"]
[PlyCount "69"]
[EventDate "2023.??.??"]

{DÃ©fense ouest-indienne, variante Capablanca} 1. d4 Nf6 2. c4 e6 3. Nf3 b6 4.
g3 Bb7 5. Bg2 Be7 6. O-O O-O 7. Nc3 d6 8. Bf4 Nbd7 9. Re1 d5 10. cxd5 exd5 11.
Rc1 c6 12. Ne5 Nxe5 13. Bxe5 Ng4 14. Bf4 Bd6 15. Bxd6 Qxd6 16. e4 Qg6 17. exd5
cxd5 18. Re7 Rab8 19. Nxd5 Bxd5 20. Bxd5 Qh5 21. h4 Qxd5 22. Qxg4 Qxa2 23. Qe2
Qd5 24. Rxa7 Qxd4 25. Rcc7 Qf6 26. Qb5 Qf3 27. Rc3 Qe4 28. Re3 Qg4 29. Qe5 Rbc8
30. Re1 Rc2 31. Qe4 Qxe4 32. Rxe4 Rxb2 33. Ree7 b5 34. Rab7 b4 35. Re4 1/2-1/2

[Event "25e tournoi 1hKO"]
[Site "Montigny le Bretonneux"]
[Date "2023.05.20"]
[Round "5.14"]
[White "Payot, Guillaume"]
[Black "Bozier, Teodor"]
[Result "1-0"]
[WhiteElo "1402"]
[BlackElo "1213"]
[Annotator "Rivier,Sylvain"]
[PlyCount "49"]
[EventDate "2023.??.??"]

{Gambit dame, dÃ©fense slave} 1. d4 d5 2. c4 c6 3. cxd5 cxd5 4. Bf4 Bf5 5. Qb3
b6 6. Nc3 Nf6 7. Nb5 Na6 8. Qa4 Qd7 9. Qxa6 Rc8 10. Nc3 e6 11. e4 Nxe4 12. Bb5
Rc6 13. Nge2 Bb4 14. O-O O-O 15. Bxc6 Qxc6 16. Rfc1 Bxc3 17. Nxc3 Nxc3 18. Rxc3
Qd7 19. Rac1 Qe7 20. Rc8 Qb4 21. Rxf8+ Kxf8 22. Qc8+ Ke7 23. Bg5+ f6 24. Rc7+
Kd6 25. Qd7# 1-0

[Event "25e tournoi 1hKO"]
[Site "Montigny le Bretonneux"]
[Date "2023.05.20"]
[Round "5.15"]
[White "Foare, Etienne"]
[Black "Durez, Gerard"]
[Result "1-0"]
[WhiteElo "1318"]
[BlackElo "1379"]
[Annotator "Rivier,Sylvain"]
[PlyCount "40"]
[EventDate "2023.??.??"]

{DÃ©fense sicilienne, variante Alapine} 1. e4 c5 2. c3 Nc6 3. d4 cxd4 4. cxd4
d5 5. exd5 Qxd5 6. Nf3 Bg4 7. Be2 Bxf3 8. Bxf3 Qe6+ 9. Be3 Qc8 10. O-O e6 11.
Nc3 Nf6 12. d5 Ne5 13. dxe6 Nxf3+ 14. Qxf3 fxe6 15. Rac1 Qc6 16. Qe2 Qa6 17.
Nb5 Nd5 18. Rfd1 Bd6 19. Rxd5 exd5 20. Bf4+ Kd7 1-0

[Event "25e tournoi 1hKO"]
[Site "Montigny le Bretonneux"]
[Date "2023.05.20"]
[Round "5.16"]
[White "Suffert, Martin"]
[Black "Nguyen, Alexandre"]
[Result "0-1"]
[WhiteElo "1368"]
[BlackElo "1199"]
[Annotator "Rivier,Sylvain"]
[PlyCount "68"]
[EventDate "2023.??.??"]

{Partie du pion dame} 1. d4 Nf6 2. Bf4 d5 3. Nf3 Bf5 4. e3 h6 5. h3 e6 6. Nbd2
Nbd7 7. Ne5 Nxe5 8. Bxe5 Bd6 9. Nf3 O-O 10. Bd3 Ne4 11. O-O Rc8 12. Rc1 c5 13.
dxc5 Rxc5 14. Bd4 Rc8 15. c4 dxc4 16. Bxc4 Ng5 17. Nxg5 Qxg5 18. f4 Qg6 19. Kf2
Rfd8 20. g4 Be4 21. Qa4 a6 22. Be2 Be7 23. Rxc8 Rxc8 24. Bd1 f5 25. Qd7 Bh4+
26. Kg1 Rd8 27. Qa4 fxg4 28. hxg4 h5 29. g5 Bxg5 30. fxg5 Qxg5+ 31. Kf2 Rf8+
32. Ke1 Qg3+ 33. Kd2 Qg2+ 34. Ke1 Rxf1# 0-1

[Event "25e tournoi 1hKO"]
[Site "Montigny le Bretonneux"]
[Date "2023.05.20"]
[Round "5.17"]
[White "Cogez, Celine"]
[Black "Druet, Arnaud"]
[Result "1-0"]
[WhiteElo "1505"]
[BlackElo "1199"]
[Annotator "Rivier,Sylvain"]
[PlyCount "81"]
[EventDate "2023.??.??"]

{DÃ©fense Caro-Kann, variante d'Ã©change} 1. e4 c6 2. d4 d5 3. exd5 cxd5 4. Bf4
Bf5 5. c3 Nd7 6. Qb3 Nb6 7. Nd2 Nf6 8. Ngf3 Nfd7 9. Be2 e6 10. Ne5 Nxe5 11.
Bxe5 a6 12. Nf3 Qc8 13. Qxb6 Qc6 14. Qxc6+ bxc6 15. Rc1 Ke7 16. Nh4 Bg6 17.
Nxg6+ hxg6 18. O-O f6 19. Bg3 Kf7 20. c4 Ra7 21. a3 Be7 22. cxd5 cxd5 23. Rc6
f5 24. Rfc1 Rd8 25. Rc7 Rxc7 26. Rxc7 Kf8 27. Bxa6 Bf6 28. Be5 Bxe5 29. dxe5 d4
30. Rc8 Ke7 31. Rxd8 Kxd8 32. f4 Kc7 33. b3 Kb6 34. Bc4 Kc5 35. Kf2 g5 36. fxg5
d3 37. Ke3 d2 38. Kxd2 Kd4 39. Bxe6 Kxe5 40. Bxf5 Kxf5 41. a4 1-0

[Event "25e tournoi 1hKO"]
[Site "Montigny le Bretonneux"]
[Date "2023.05.20"]
[Round "5.18"]
[White "Bouloc, Roger"]
[Black "Couradin, Jean-Marie"]
[Result "0-1"]
[WhiteElo "1357"]
[BlackElo "1476"]
[Annotator "Rivier,Sylvain"]
[PlyCount "87"]
[EventDate "2023.??.??"]

{Défense Philidor} 1. e4 d6 2. d4 Nf6 3. Nc3 Nbd7 4. Bc4 e5 5. Bg5 Be7 6. Nf3
h6 7. Bxf6 Nxf6 8. dxe5 Ng4 9. Qd4 O-O 10. O-O-O dxe5 11. Qxd8 Rxd8 12. Rxd8+
Bxd8 13. Rf1 Bg5+ 14. Kb1 Bd7 15. h3 Nf6 16. h4 Bf4 17. g3 Bg4 18. Nh2 Bd2 19.
Nxg4 Nxg4 20. Nd5 c6 21. Ne3 Nf6 22. Bd3 Bxe3 23. fxe3 Rd8 24. a4 a5 25. b3 Ng4
26. Bc4 Rd7 27. Rf3 Kf8 28. Kb2 f6 29. Be6 Nh2 30. Rxf6+ gxf6 31. Bxd7 Nf1 32.
Bc8 b6 33. Bd7 c5 34. Kc3 Ke7 35. Bf5 Nxe3 36. Kd3 Nf1 37. g4 Ng3 38. Kc4 Kd6
39. Kb5 Kc7 40. c3 Ne2 41. Kc4 Ng3 42. Kd5 Nxf5 43. exf5 Kd7 44. c4 {suite non
notée} 0-1

[Event "25e tournoi 1hKO"]
[Site "Montigny le Bretonneux"]
[Date "2023.05.20"]
[Round "5.19"]
[White "Nosperger, Theo"]
[Black "Moulun, Raphael"]
[Result "1-0"]
[WhiteElo "1199"]
[BlackElo "1355"]
[Annotator "Rivier,Sylvain"]
[PlyCount "116"]
[EventDate "2023.??.??"]

{Gambit dame, dÃ©fense semi-Tarrasch} 1. d4 Nf6 2. c4 e6 3. Nf3 c5 4. e3 Nc6 5.
Nc3 d5 6. Bd3 Bd7 7. O-O Bd6 8. Bd2 a6 9. a3 Qc7 10. Qc2 Ng4 11. h3 Nf6 12.
Rfe1 O-O-O 13. Ng5 Be8 14. Nxh7 Nxh7 15. Bxh7 cxd4 16. Ne2 g6 17. Bxg6 fxg6 18.
Nxd4 Bd7 19. Qxg6 Rdg8 20. Qf7 Nd8 21. Qf3 dxc4 22. Kf1 e5 23. Nf5 Bxf5 24.
Qxf5+ Kb8 25. Bc3 Rf8 26. Qe4 Nc6 27. Rad1 Rf6 28. Qxc4 Rhf8 29. f3 b5 30. Qd5
Ne7 31. Qd3 Ng6 32. Qe4 Rh8 33. Rd2 Rh4 34. Qd5 Ne7 35. Qd3 e4 36. Qc2 exf3 37.
Bxf6 Rc4 38. Qd1 Bc5 39. Bxe7 fxg2+ 40. Kxg2 Qc6+ 41. Qf3 Qxf3+ 42. Kxf3 Bxe7
43. Rd4 Rc8 44. h4 Rf8+ 45. Rf4 Re8 46. h5 Bd6 47. Rd4 Kc7 48. e4 Rh8 49. Rh1
Rf8+ 50. Ke3 Bc5 51. h6 Bxd4+ 52. Kxd4 Kd7 53. h7 Rh8 54. Ke5 Ke7 55. Kf5 Kf7
56. e5 Kg7 57. e6 Rxh7 58. Rxh7+ Kxh7 1-0

[Event "25e tournoi 1hKO"]
[Site "Montigny le Bretonneux"]
[Date "2023.05.20"]
[Round "5.20"]
[White "Hedjazian, Farhad"]
[Black "Robic, Raphael"]
[Result "1-0"]
[WhiteElo "1518"]
[BlackElo "1099"]
[Annotator "Rivier,Sylvain"]
[PlyCount "83"]
[EventDate "2023.??.??"]

{Partie du pion dame} 1. d4 d5 2. Nf3 Nc6 3. Bf4 Nf6 4. e3 a6 5. c4 e6 6. Nc3
Bb4 7. Bd3 dxc4 8. Bxc4 b5 9. Bd3 O-O 10. O-O Bxc3 11. bxc3 b4 12. Rc1 Bb7 13.
Ne5 Nxe5 14. Bxe5 Qd5 15. f3 bxc3 16. Rxc3 Qxa2 17. Rxc7 Rab8 18. Rc2 Qd5 19.
Bxb8 Rxb8 20. Qe2 e5 21. Rc5 Qd6 22. Rxe5 Nd7 23. Ra5 Qb6 24. Raa1 g5 25. Rfb1
Qc6 26. Be4 Qc7 27. Bxb7 Rxb7 28. Rxb7 Qxb7 29. Qxa6 Qb2 30. Qa2 Qc3 31. Qa3
Qd2 32. Qc1 Qe2 33. Qe1 Qd3 34. Rd1 Qc2 35. Qd2 Qb3 36. e4 Nb6 37. Ra1 Kg7 38.
Qxg5+ Kf8 39. Qc5+ Kg7 40. Rc1 Na4 41. Qe5+ Kf8 42. Rc8# 1-0

[Event "25e tournoi 1hKO"]
[Site "Montigny le Bretonneux"]
[Date "2023.05.20"]
[Round "5.21"]
[White "Tanchoux, Pierre"]
[Black "Carbonero, Jean Marc"]
[Result "1-0"]
[WhiteElo "1236"]
[BlackElo "1027"]
[Annotator "Rivier,Sylvain"]
[PlyCount "83"]
[EventDate "2023.??.??"]

{Gambit dame, défense Tchigorine} 1. d4 d5 2. Nf3 Nc6 3. e3 Bf5 4. c4 Nf6 5.
Nc3 e6 6. Bd3 Bxd3 7. Qxd3 Bb4 8. O-O O-O 9. Bd2 Bxc3 10. Bxc3 Ne4 11. cxd5
exd5 12. Nd2 Re8 13. Rae1 Re6 14. f3 Nxc3 15. Qxc3 Qg5 16. f4 Qg4 17. Rf3 Rg6
18. Rg3 Qf5 19. Rxg6 Qxg6 20. Rf1 Re8 21. Rf3 Re6 22. f5 Qg4 23. fxe6 Qxe6 24.
Qd3 Nb4 25. Qf5 Qxf5 26. Rxf5 Nxa2 27. Rxd5 f6 28. Rd7 b5 29. Rxc7 a5 30. Rc5
Nb4 31. Rxb5 Nd3 32. b3 Nc1 33. Nc4 Kf7 34. Nxa5 Nd3 35. Nc4 g5 36. Nd6+ Kg6
37. Rb6 f5 38. Ne4+ Kh5 39. Nf2 Nxf2 40. Kxf2 Kh4 41. Rh6+ Kg4 42. h3# 1-0

[Event "25e tournoi 1hKO"]
[Site "Montigny le Bretonneux"]
[Date "2023.05.20"]
[Round "5.22"]
[White "Baysse, Nathan"]
[Black "Christophe, Jules"]
[Result "1-0"]
[WhiteElo "1199"]
[BlackElo "1009"]
[Annotator "Rivier,Sylvain"]
[PlyCount "75"]
[EventDate "2023.??.??"]

{Partie italienne} 1. e4 e5 2. Nf3 Nc6 3. Bc4 Nf6 4. d3 Bc5 5. Bg5 h6 6. Bh4 g5
7. Bg3 g4 8. Nxe5 Qe7 9. Nxc6 dxc6 10. Qe2 Be6 11. Bxe6 fxe6 12. Be5 O-O-O 13.
Nd2 Bd4 14. Bxd4 Rxd4 15. f3 h5 16. Nb3 Qb4+ 17. c3 Qb6 18. Nxd4 e5 19. Nf5 Rd8
20. Qf2 c5 21. Qe2 Qb5 22. d4 c4 23. dxe5 Qxe5 24. O-O g3 25. Nxg3 h4 26. Nf5
h3 27. Rad1 Rg8 28. Rf2 Rh8 29. Qd2 Rg8 30. Qd7+ Nxd7 31. Rd5 Qh8 32. Ne7+ Kd8
33. Nxg8 Qxg8 34. Rfd2 c6 35. Rxd7+ Kc8 36. Rd8+ Qxd8 37. Rxd8+ Kxd8 38. gxh3
1-0

[Event "25e tournoi 1hKO"]
[Site "Montigny le Bretonneux"]
[Date "2023.05.20"]
[Round "5.23"]
[White "El Yaalaoui, Adam"]
[Black "Orfila, Leila"]
[Result "1-0"]
[WhiteElo "1199"]
[BlackElo "1009"]
[Annotator "Rivier,Sylvain"]
[PlyCount "57"]
[EventDate "2023.??.??"]

{Partie viennoise} 1. e4 e5 2. f4 Nf6 3. Nc3 Nc6 4. Nf3 Bc5 5. fxe5 Ng4 6. h3
Nf2 7. Qe2 Nxh1 8. d4 Bb4 9. Bd2 Ng3 10. Qc4 Nxf1 11. Ng5 O-O 12. Qxf1 Nxd4 13.
O-O-O Bxc3 14. bxc3 Nb5 15. Qxb5 c6 16. Qe2 d5 17. exd5 cxd5 18. c4 b5 19. cxd5
Rb8 20. Bf4 b4 21. e6 fxe6 22. Bxb8 a5 23. dxe6 Qf6 24. e7 Re8 25. Rd8 Rxd8 26.
e8=Q+ Rxe8 27. Qxe8+ Qf8 28. Qxf8+ Kxf8 29. Kb2 {suite illisible} 1-0

[Event "25e tournoi 1hKO"]
[Site "Montigny le Bretonneux"]
[Date "2023.05.20"]
[Round "5.24"]
[White "Zheng, Zhaokang"]
[Black "Garabedian, Christophe"]
[Result "0-1"]
[WhiteElo "1009"]
[BlackElo "1199"]
[Annotator "Rivier,Sylvain"]
[PlyCount "44"]
[EventDate "2023.??.??"]

{Partie italienne} 1. e4 e5 2. Nf3 Nc6 3. Bc4 Bc5 4. O-O Nf6 5. Nc3 d6 6. d3
Bg4 7. h3 Bh5 8. Be3 Qd7 9. Re1 O-O-O 10. Bxc5 dxc5 11. Nd5 Nd4 12. Re3 Rhg8
13. g4 Bg6 14. Nxf6 gxf6 15. a4 h5 16. gxh5 Bxh5+ 17. Kh2 Rg7 18. c3 Rdg8 19.
Nxe5 Rg2+ 20. Kh1 Bxd1 21. Nxd7 Rg1+ 22. Kh2 R8g2# 0-1

[Event "25e tournoi 1hKO"]
[Site "Montigny le Bretonneux"]
[Date "2023.05.20"]
[Round "5.25"]
[White "Orfila, Aylin"]
[Black "Genovart, Lucas"]
[Result "0-1"]
[WhiteElo "1099"]
[BlackElo "1199"]
[Annotator "Rivier,Sylvain"]
[PlyCount "46"]
[EventDate "2023.??.??"]

{Partie italienne} 1. e4 e5 2. Nf3 Nc6 3. Nc3 Nf6 4. Bc4 Bc5 5. O-O d6 6. d3
Bg4 7. Bg5 Nd4 8. h3 Bxf3 9. gxf3 Qd7 10. f4 Qxh3 11. Nb5 Nf3+ 12. Qxf3 Qxf3
13. Nxc7+ Kd7 14. Nxa8 Rxa8 15. Bb5+ Ke7 16. Ba4 exf4 17. Rad1 Qg4+ 18. Kh2 f3
19. Rg1 Qh5+ 20. Kg3 Qxg5+ 21. Kh3 Qh5+ 22. Kg3 Qg4+ 23. Kh2 Qh4# 0-1

[Event "25e tournoi 1hKO"]
[Site "Montigny le Bretonneux"]
[Date "2023.05.20"]
[Round "5.26"]
[White "Orfila, Hugo"]
[Black "Galichet, Noe"]
[Result "1-0"]
[WhiteElo "1009"]
[BlackElo "1009"]
[Annotator "Rivier,Sylvain"]
[PlyCount "37"]
[EventDate "2023.??.??"]

{Partie italienne} 1. e4 e5 2. Nf3 Nc6 3. Nc3 Nf6 4. Bc4 Bc5 5. O-O O-O 6. d3
d6 7. Nd5 Bg4 8. Nxf6+ Qxf6 9. Bg5 Qg6 10. c3 Bxf3 11. Qxf3 Qxg5 12. b4 d5 13.
exd5 Qd8 14. dxc6 bxc6 15. bxc5 Qe7 16. d4 Rfe8 17. Bd3 exd4 18. Qh3 Qxc5 19.
Qxh7+ 1-0

[Event "25e tournoi 1hKO"]
[Site "Montigny le Bretonneux"]
[Date "2023.05.20"]
[Round "6.1"]
[White "Fruchard, Cyrille"]
[Black "Lamorelle, Julien"]
[Result "1/2-1/2"]
[WhiteElo "2330"]
[BlackElo "2296"]
[Annotator "Rivier,Sylvain"]
[PlyCount "64"]
[EventDate "2023.??.??"]

{Partie du pion dame} 1. d4 d5 2. Nf3 Nf6 3. Nbd2 Bf5 4. e3 e6 5. Bd3 Bxd3 6.
cxd3 c5 7. dxc5 Bxc5 8. O-O Nc6 9. b3 O-O 10. Bb2 a5 11. Ne5 Nxe5 12. Bxe5 Nd7
13. Bb2 Qe7 14. Qg4 f6 15. e4 dxe4 16. dxe4 Ne5 17. Bxe5 fxe5 18. Qe2 a4 19.
Nf3 Bd4 20. Rad1 axb3 21. axb3 Rfd8 22. Rd3 Ra3 23. Rfd1 Qc5 24. Ng5 Qe7 25.
Qg4 Ra2 26. Qxe6+ Qxe6 27. Nxe6 Bxf2+ 28. Kf1 Rf8 29. Rf3 Bb6 30. Rc1 h6 31.
Nc5 Rc8 32. h4 Rb2 {suite non notÃ©e} 1/2-1/2

[Event "25e tournoi 1hKO"]
[Site "Montigny le Bretonneux"]
[Date "2023.05.20"]
[Round "6.2"]
[White "Lim, Chin"]
[Black "Zheng, Linyi"]
[Result "1-0"]
[WhiteElo "1903"]
[BlackElo "1561"]
[Annotator "Rivier,Sylvain"]
[PlyCount "65"]
[EventDate "2023.??.??"]

{Gambit dame, dÃ©fense slave, variante d'Ã©change} 1. d4 d5 2. c4 c6 3. cxd5
cxd5 4. Nc3 Nf6 5. Bf4 Nc6 6. Nf3 Bf5 7. e3 a6 8. Be2 e6 9. Ne5 Rc8 10. O-O Bd6
11. Qa4 O-O 12. Bxa6 Nxd4 13. Bxb7 Rb8 14. Qxd4 Rxb7 15. b3 Qc7 16. Na4 Rb4 17.
Qc3 Re4 18. Qxc7 Bxc7 19. Ng6 Bxf4 20. Nxf4 e5 21. Ne2 Rb4 22. Rad1 Be6 23. Nc5
Rd8 24. a3 Rb6 25. b4 Nd7 26. Nxd7 Rxd7 27. Nc3 d4 28. Na4 Rb8 29. Nc5 Rd6 30.
f4 Bg4 31. fxe5 Rd5 32. Rxd4 Rxe5 33. Rxg4 1-0

[Event "25e tournoi 1hKO"]
[Site "Montigny le Bretonneux"]
[Date "2023.05.20"]
[Round "6.3"]
[White "Piquard, Yaroslav"]
[Black "Fayolle, Guy"]
[Result "1-0"]
[WhiteElo "1616"]
[BlackElo "1615"]
[Annotator "Rivier,Sylvain"]
[PlyCount "87"]
[EventDate "2023.??.??"]

{DÃ©fense des deux cavaliers} 1. e4 e5 2. Nf3 Nc6 3. Bc4 Nf6 4. Ng5 d5 5. exd5
Na5 6. Bb5+ c6 7. dxc6 bxc6 8. Qf3 Bd7 9. Ba4 h6 10. Ne4 Nd5 11. Nbc3 Be7 12.
Qg3 O-O 13. d3 Bh4 14. Qxe5 Re8 15. Qd4 f5 16. Nxd5 cxd5 17. Qxd5+ Be6 18. Qxd8
Rexd8 19. Nc5 Bd5 20. O-O Be7 21. Nb3 Nxb3 22. Bxb3 Rac8 23. Re1 Kf8 24. Re2
Bc5 25. Be3 Bxb3 26. axb3 Bxe3 27. fxe3 Rc7 28. Ra5 g6 29. Rf2 Kg7 30. g4 fxg4
31. e4 Rdc8 32. c3 Rd8 33. d4 Rb8 34. b4 Rb6 35. e5 Re7 36. Kg2 h5 37. Kg3 g5
38. e6 Rbxe6 39. Rxg5+ Kh6 40. Kh4 Rg6 41. Rxh5+ Kg7 42. Rg5 Re4 43. Rxg6+ Kxg6
44. d5 1-0

[Event "25e tournoi 1hKO"]
[Site "Montigny le Bretonneux"]
[Date "2023.05.20"]
[Round "6.4"]
[White "Hoarau, Jules"]
[Black "Plantet, Marc"]
[Result "0-1"]
[WhiteElo "1416"]
[BlackElo "1821"]
[Annotator "Rivier,Sylvain"]
[PlyCount "62"]
[EventDate "2023.??.??"]

{Partie du pion dame} 1. d4 d5 2. Nf3 c5 3. c3 Nc6 4. Bf4 Qb6 5. b3 cxd4 6.
Nxd4 Nf6 7. Nxc6 bxc6 8. e3 e6 9. Bd3 Be7 10. O-O O-O 11. c4 Ba6 12. cxd5 Nxd5
13. Bxa6 Nxf4 14. Nc3 Nxg2 15. Kxg2 Qxa6 16. Rc1 Rfd8 17. Qf3 Rac8 18. Rc2 c5
19. Ne4 c4 20. bxc4 Rxc4 21. Rb2 e5 22. Rfb1 Qg6+ 23. Ng3 Qc6 24. e4 Rc2 25.
Rb7 Qe6 26. Nf5 Bc5 27. Ne3 Rxa2 28. R7b5 Bb6 29. Qg3 Qg6 30. Ng4 Qxe4+ 31. Kh3
Qf4 {suite non notÃ©e} 0-1

[Event "25e tournoi 1hKO"]
[Site "Montigny le Bretonneux"]
[Date "2023.05.20"]
[Round "6.5"]
[White "Claisse, Patrick"]
[Black "Sondermeijer, Antoine"]
[Result "1/2-1/2"]
[WhiteElo "1702"]
[BlackElo "1485"]
[Annotator "Rivier,Sylvain"]
[PlyCount "27"]
[EventDate "2023.??.??"]

{DÃ©fense sicilienne, variante du dragon} 1. e4 c5 2. Nf3 d6 3. d4 cxd4 4. Nxd4
Nf6 5. Nc3 g6 6. Be2 Bg7 7. Be3 O-O 8. O-O Nc6 9. Nb3 Bd7 10. f4 a6 11. a4 Na5
12. Nd2 Nc6 13. Nb3 Na5 14. Nd2 1/2-1/2

[Event "25e tournoi 1hKO"]
[Site "Montigny le Bretonneux"]
[Date "2023.05.20"]
[Round "6.6"]
[White "Goujon, Antoine"]
[Black "Forissier, Nicolas"]
[Result "0-1"]
[WhiteElo "1638"]
[BlackElo "1887"]
[Annotator "Rivier,Sylvain"]
[PlyCount "76"]
[EventDate "2023.??.??"]

{Partie du pion dame} 1. d4 Nf6 2. Nc3 d5 3. Bf4 c5 4. e3 Nc6 5. Nb5 e5 6. dxe5
a6 7. Nd6+ Bxd6 8. exd6 Be6 9. Nf3 Ne4 10. Be2 Nxd6 11. O-O Ne4 12. Nd2 Nf6 13.
Bf3 O-O 14. a3 Qb6 15. b3 h6 16. Qe2 Rad8 17. Rfd1 Rfe8 18. Rac1 Bf5 19. h3 Ne5
20. Qf1 Nxf3+ 21. Nxf3 Ne4 22. Nd2 Nc3 23. Re1 Qg6 24. Nb1 Nxb1 25. Rxb1 Bxc2
26. Rec1 Bxb1 27. Rxb1 d4 28. exd4 cxd4 29. Rd1 Qc2 30. b4 Qe2 31. Bc7 Rd7 32.
Bb6 d3 33. Be3 Qc2 34. Rd2 Rxe3 35. Rxc2 dxc2 36. f3 Rd1 37. Kf2 Rxf1+ 38. Kxf1
c1=Q+ 0-1

[Event "25e tournoi 1hKO"]
[Site "Montigny le Bretonneux"]
[Date "2023.05.20"]
[Round "6.7"]
[White "Divies, Renaud"]
[Black "Foare, Etienne"]
[Result "1-0"]
[WhiteElo "1855"]
[BlackElo "1318"]
[Annotator "Rivier,Sylvain"]
[PlyCount "59"]
[EventDate "2023.??.??"]

{Ouverture anglaise, variante Botvinnik} 1. c4 c5 2. g3 g6 3. Bg2 Bg7 4. Nc3
Nc6 5. e4 e6 6. Nge2 Nge7 7. O-O O-O 8. a3 Nd4 9. Rb1 Nec6 10. b4 Nxe2+ 11.
Nxe2 Ne5 12. d3 d6 13. Be3 b6 14. h3 cxb4 15. axb4 Bb7 16. f4 Nd7 17. d4 d5 18.
cxd5 exd5 19. e5 b5 20. f5 gxf5 21. Rxf5 Nb6 22. Qd3 Nc4 23. Rh5 Re8 24. Qxh7+
Kf8 25. Bh6 Bxh6 26. Qxh6+ Ke7 27. Rf1 Qb6 28. Qg5+ Kd7 29. Rxf7+ Kc8 30. Rh6
1-0

[Event "25e tournoi 1hKO"]
[Site "Montigny le Bretonneux"]
[Date "2023.05.20"]
[Round "6.8"]
[White "Ferreira, Carlos"]
[Black "Payot, Guillaume"]
[Result "0-1"]
[WhiteElo "1675"]
[BlackElo "1402"]
[Annotator "Rivier,Sylvain"]
[PlyCount "32"]
[EventDate "2023.??.??"]

{Partie du pion dame} 1. d4 Nf6 2. Bf4 d5 3. e3 c5 4. c3 Qb6 5. Qc1 Bf5 6. Nf3
h6 7. Nbd2 Nc6 8. Be2 Nh5 9. Bg3 Nxg3 10. hxg3 e6 11. Nh4 Bh7 12. f4 Bd6 13.
Nhf3 O-O 14. g4 cxd4 15. cxd4 Rac8 16. Qc3 Nb4 {suite illisible} 0-1

[Event "25e tournoi 1hKO"]
[Site "Montigny le Bretonneux"]
[Date "2023.05.20"]
[Round "6.9"]
[White "Nguyen, Alexandre"]
[Black "Briquet, Tom"]
[Result "0-1"]
[WhiteElo "1199"]
[BlackElo "1548"]
[Annotator "Rivier,Sylvain"]
[PlyCount "92"]
[EventDate "2023.??.??"]

{Gambit dame refusÃ©} 1. d4 d5 2. c4 e6 3. Nf3 Nf6 4. cxd5 exd5 5. Bf4 Bd6 6.
Bd2 O-O 7. e3 c6 8. Bd3 Bg4 9. Nc3 Qc7 10. h3 Bh5 11. O-O Nbd7 12. Rc1 a6 13.
Be2 Rae8 14. a3 Qb8 15. Nh4 Bxe2 16. Qxe2 Ne4 17. Nxe4 Rxe4 18. Nf5 Bc7 19. Qd3
Nf6 20. f4 Re6 21. Rf3 Ne4 22. Rcf1 Bd8 23. Qb3 a5 24. Be1 Rg6 25. Ng3 Bh4 26.
Kh2 Bxg3+ 27. Rxg3 Nxg3 28. Bxg3 h5 29. Rf3 h4 30. Bxh4 Re6 31. Be1 a4 32. Qd3
Re4 33. Bf2 Qa7 34. Be1 Qa6 35. Qxa6 bxa6 36. Bd2 Rb8 37. Bc1 Rb5 38. Kg1 c5
39. dxc5 Rxc5 40. Bd2 Rc2 41. Bc3 f6 42. Rf2 Rc1+ 43. Rf1 Rxf1+ 44. Kxf1 Rxe3
45. Kf2 Re4 46. Kf3 f5 0-1

[Event "25e tournoi 1hKO"]
[Site "Montigny le Bretonneux"]
[Date "2023.05.20"]
[Round "6.10"]
[White "Witkowski, Gwendal"]
[Black "Kissian, Pascal"]
[Result "1-0"]
[WhiteElo "1470"]
[BlackElo "1523"]
[Annotator "Rivier,Sylvain"]
[PlyCount "55"]
[EventDate "2023.??.??"]

{Gambit dame, dÃ©fense slave, variante d'Ã©change} 1. d4 d5 2. c4 c6 3. Nc3 Nf6
4. Nf3 Bf5 5. cxd5 cxd5 6. Qb3 b6 7. Ne5 e6 8. e4 dxe4 9. Bb5+ Nbd7 10. Bg5 Qc7
11. Bxf6 gxf6 12. Nxd7 Kd8 13. Nxf8 Rxf8 14. O-O a6 15. Be2 Kc8 16. Nxe4 Kb8
17. Rac1 Qd8 18. Nxf6 Ka7 19. Qc4 Qc8 20. Qc7+ Qxc7 21. Rxc7+ Kb8 22. Rfc1 Rd8
23. Nd7+ Rxd7 24. Rxd7 e5 25. Rxf7 Bg6 26. Rf8+ Kb7 27. Rxa8 Kxa8 28. dxe5 1-0

[Event "25e tournoi 1hKO"]
[Site "Montigny le Bretonneux"]
[Date "2023.05.20"]
[Round "6.11"]
[White "Martin-Breteau, Paul"]
[Black "Lamorelle, Alexey"]
[Result "0-1"]
[WhiteElo "1506"]
[BlackElo "1293"]
[Annotator "Rivier,Sylvain"]
[PlyCount "64"]
[EventDate "2023.??.??"]

{Partie italienne, guiocco piano} 1. e4 e5 2. Nf3 Nc6 3. Bc4 Bc5 4. c3 Nf6 5.
d4 exd4 6. e5 d5 7. Bb5 Ne4 8. cxd4 Bb4+ 9. Bd2 Bxd2+ 10. Nbxd2 O-O 11. Qc2
Nxd2 12. Qxd2 Bg4 13. Be2 f6 14. exf6 Qxf6 15. Rd1 Bxf3 16. Bxf3 Rae8+ 17. Kf1
Ne7 18. Re1 c6 19. h4 Nf5 20. Rxe8 Rxe8 21. Qg5 Qe6 22. Kg1 Nxd4 23. Rh3 Qxh3
24. Bxd5+ cxd5 25. Qxd5+ Qe6 26. Qxb7 Qe1+ 27. Kh2 Qxf2 28. Qd5+ Kh8 29. Qh5
Qf4+ 30. g3 Qf2+ 31. Kh3 Qf1+ 32. Kg4 Re4+ 0-1

[Event "25e tournoi 1hKO"]
[Site "Montigny le Bretonneux"]
[Date "2023.05.20"]
[Round "6.12"]
[White "Chevallier, Stephane"]
[Black "Privat, Jean-Claude"]
[Result "1-0"]
[WhiteElo "1617"]
[BlackElo "1465"]
[Annotator "Rivier,Sylvain"]
[PlyCount "65"]
[EventDate "2023.??.??"]

{Ouverture anglaise, variante symÃ©trique classique} 1. c4 c5 2. Nc3 Nf6 3. g3
g6 4. Bg2 Bg7 5. Nf3 Nc6 6. O-O O-O 7. a3 d5 8. cxd5 Nxd5 9. Rb1 Bf5 10. Ra1
Nxc3 11. bxc3 Qc7 12. Nh4 Bd7 13. Qc2 Qc8 14. Rb1 b6 15. d3 Bh3 16. e3 Bxg2 17.
Nxg2 Ne5 18. f3 Qc6 19. Qe2 Rad8 20. d4 cxd4 21. cxd4 Nd7 22. Bb2 Qd5 23. Nf4
Qb7 24. Kg2 e5 25. dxe5 Bxe5 26. Bxe5 Nxe5 27. e4 Rc8 28. Rfc1 Rxc1 29. Rxc1
Rc8 30. Rd1 Qc6 31. Nd5 Qc2 32. Ne7+ Kg7 33. Rd2 1-0